| 000 | 00533nam a2200193 a 4500 | ||
|---|---|---|---|
| 001 | 0363 | ||
| 005 | 20140414132023.0 | ||
| 008 | 040910s19uu xx 00 eng d | ||
| 020 | _a0-590-46598-8 | ||
| 050 |
_aTR _bIT7 1994 |
||
| 100 | _aFletcher, Jane Cowen | ||
| 245 |
_aIt takes a village / _cwritten and illustrated by Jane Cowen-Fletcher. |
||
| 260 |
_aNew York : _bScholastic, _c1994. |
||
| 300 | _a29 p. : ill. ; cm. | ||
| 650 | _aChildren stories. | ||
| 650 | _aAfrican stories. | ||
| 999 |
_c113504 _d113504 |
||